| 000 | 00386 a2200145 4500 | ||
|---|---|---|---|
| 005 | 20250505170902.0 | ||
| 020 | _a0-471-81203-X | ||
| 082 | _a658. 15 GUP | ||
| 100 | _aGUP, B. E. | ||
| 245 | _aPrinciples of Financial Management . | ||
| 250 | _a2nd Ed. | ||
| 260 |
_aNew York, _bJohn Wiley & Sons, _c1983. |
||
| 300 |
_a680p.: Ill.;figures & table _bIndex _c23cm. |
||
| 942 |
_2ddc _cBKS |
||
| 999 |
_c1965 _d1965 |
||